Edger Allan Poe : seven stories adapted from the original of Edger Allan Poe / (Record no. 77092)
[ view plain ]
| 000 -LEADER | |
|---|---|
| fixed length control field | 00889cam a2200277 a 4500 |
| 001 - CONTROL NUMBER | |
| control field | 77092 |
| 003 - CONTROL NUMBER IDENTIFIER | |
| rucl marc code | BD-RjUL |
| 005 - DATE AND TIME OF LATEST TRANSACTION | |
| control field | 20211209082926.0 |
| 008 - FIXED-LENGTH DATA ELEMENTS--GENERAL INFORMATION | |
| fixed length control field | 890203q19411984nyuce b 00010 eng d |
| 020 ## - INTERNATIONAL STANDARD BOOK NUMBER | |
| International Standard Book Number | 0820100250 |
| 035 ## - SYSTEM CONTROL NUMBER | |
| System control number | (BD-RjUL)77316 |
| System control number | 1191095 |
| 040 ## - CATALOGING SOURCE | |
| Original cataloging agency | ANL |
| Transcribing agency | ANL |
| Language of cataloging | eng |
| 041 ## - LANGUAGE CODE | |
| Language code of text/sound track or separate title | eng |
| 082 ## - DEWEY DECIMAL CLASSIFICATION NUMBER | |
| Edition number | 17 |
| Classification number | 813.3 |
| Author mark and year | POE 1941 |
| 100 1# - MAIN ENTRY--PERSONAL NAME | |
| Personal name | Poe, Edgar Allan, |
| Dates associated with a name | 1809-1849. |
| 9 (RLIN) | 239721 |
| 245 10 - TITLE STATEMENT | |
| Title | Edger Allan Poe : seven stories adapted from the original of Edger Allan Poe / |
| Statement of responsibility, etc. | Edger Allan Poe |
| 260 ## - PUBLICATION, DISTRIBUTION, ETC. (IMPRINT) | |
| Place of publication, distribution, etc. | Washington , D.C.: |
| Name of publisher, distributor, etc. | English language cultural divition , |
| Date of publication, distribution, etc. | 1941 |
| 300 ## - PHYSICAL DESCRIPTION | |
| Pagination | 89 p. : |
| Illustrations | ill. ; |
| Size | 27 cm |
| 500 ## - GENERAL NOTE | |
| General note | Microform reproduction of the original published 1941. |
| 650 ## - SUBJECT ADDED ENTRY--TOPICAL TERM | |
| Topical term or geographic name as entry element | fiction |
| 9 (RLIN) | 239722 |
| 700 1# - ADDED ENTRY--PERSONAL NAME | |
| Personal name | Quinn, Arthur Hobson, |
| Dates associated with a name | 1875-1960. |
| Personal name | Hart, Richard Harry, |
| Dates associated with a name | 1908- |
| 942 ## - ADDED ENTRY ELEMENTS (KOHA) | |
| Source of classification or shelving scheme | Dewey Decimal Classification |
| Koha item type | Books |
| Lost status | Source of classification or shelving scheme | Damaged status | Not for loan | Collection code | Permanent Location | Current Location | Shelving location | Date acquired | Total Checkouts | Full call number | Date last seen | Copy number | Koha item type |
|---|---|---|---|---|---|---|---|---|---|---|---|---|---|
| Dewey Decimal Classification | Not For Loan | Non-fiction | Central Library, University of Rajshahi | Central Library, University of Rajshahi | Reading Room | 30/11/1996 | 813.3 POE 1941 | 24/02/2020 | C-1 | Books |